01030cam a2200289 a 450000100090000000300040000900500170001300800410003001000170007102000150008804000130010304200100011604300120012605000230013808200200016124500600018126001500024130000240039150000180041550400520043365000340048565000320051965000510055165000230060271000490062571000660067414113379OSt20230629132828.0050920s2005 sz b 000 0 eng  a 2005326631 a9290371048 aDLCcDLC alcode af-ke---00aKSK3498b.K46 2005 a347.3676bKSICJ00aKenya :bjudicial independence, corruption, and reform. aGeneva, Switzerland :bInternational Commission of Jurists ;aNairobi, Kenya :bKenya Section of the International Commission of Jurists,cc2005. avi, 56 p. ;c25 cm. a"April 2005." aIncludes bibliographical references (p. 53-54). 0aJudicial independencezKenya. 0aJudicial corruptionzKenya. 0aPolitical questions and judicial powerzKenya. 0aLaw reformzKenya.2 aInternational Commission of Jurists (1952- )2 aInternational Commission of Jurists (1952- ).bKenya Section.